00795nab a2200229 uc450000100070000000500170000700800410002403500110006503500210007604000130009704100080011010000400011824500710015865000250022965000340025465000620028865000460035065000370039677301030043394200100053699900190054677604520240201183808.0020924s2002 spa  a776045 a(OCoLC)819990388 ccomduadb aspa10aSantana Perez, F.4auteaut936375210aEliminacion de COVs de una planta incineradora de residuos medicos aIncineradores922983 aResiduos hospitalarios981943 aBiofiltracióngCreado por Maria Victoria Alvarez976868 aCompuestos orgánicos volátiles919785 aEliminación de residuos9520470 tIngeniería Química (Madrid)gVol. 34, No. 391, Jun. 2002, p. 182-192w102048x0210-2064089813 cARIMP c255568d255568